000 01012nas a2200337 4500
001 BR0205421
003 BR-BrBNA
005 20231205103347.0
007 ta
008 230509b bl.|||p| |||| 00| 00por d
040 _aBR-BrBNA
_bpor
_cBiblioteca Nacional de Agricultura
041 _a(Pt)
072 _aL01; Q04
100 1 _aVaz, F.N.
100 1 _aRestle, J.
100 1 _aQuadros, A.R.B. de
100 1 _aPascoal, L.L.
100 1 _aSanchez, L.M.B.
100 1 _aRosa, J.R.P.
100 1 _aMenezes, L.F.G. de
245 1 _aCaracterísticas da carcaça e da carne de novilhos e de vacas de descarte Hereford, terminados em confinamento
650 _aGADO HEREFORD
650 _aCARCAÇA
650 _aCARNE
650 _aFÊMEA
650 _aCONFINAMENTO
650 _aQUALIDADE
773 0 _tRevista Brasileira de Zootecnia (Brazil)
_xISSN 1516-3598
_g(May-Jun 2002), v. 31(3)Suplemento p. 1501-1510
_wBR0205421
909 _a202311
_bLúcia
_c55
_dLúcia Elande
942 _2AGRIS
_n0
_cANA
999 _c172450
_d172450